| 000 | 00425nam a2200145Ia 4500 | ||
|---|---|---|---|
| 008 | 210210b1977 xxu||||| |||| 00| 0 eng d | ||
| 082 | _a428.2 MCMC | ||
| 100 | _aMcMORDIE (W). | ||
| 245 | _aCorrect english usage, how to avoid errors in speech and writing. | ||
| 260 |
_aBombay. _bD B Taraporevala Sons & Co Pvt Ltd., _c1977 |
||
| 300 | _avii,144 | ||
| 650 | _aConversation | ||
| 690 | _aEnglish Usage | ||
| 906 | _aSG00989 | ||
| 999 |
_c112323 _d112323 |
||